Caricamento...

Vivaksha

Dettagli Bibliografici
Autore principale: Vajpeyi, Ashok
Natura: Printed Book
Lingua:Hindi
Pubblicazione: New Delhi: Rajkamal Prakashan, 2006
Soggetti:
LEADER 00553 a2200169 4500
008 130909b xxu||||| |||| 00| 0 hin d
020 |a 812671199-X 
082 |a 861.8V8 VIV H 
100 |a Vajpeyi, Ashok 
245 |a Vivaksha  |c Ashok Vajpeyi 
260 |a New Delhi:  |b Rajkamal Prakashan,  |c 2006 
300 |a 375p. ;  |c 22 cm. 
546 |a in hindi 
650 |a hindi poetry 
942 |2 ddc  |c BK 
999 |c 100041  |d 100041 
952 |0 0  |1 0  |4 0  |6 861_000000000000000_8V8_VIV_H  |7 0  |9 99469  |a UL  |b UL  |c ST1  |d 2013-01-31  |e 2  |g 315.00  |l 0  |o 861.8V8 VIV H  |p 88846  |r 2013-07-01  |v 450.00  |y BK